Re-Presenting GIS (Record no. 573912)

MARC details
000 -LEADER
fixed length control field 00548nam a2200169Ia 4500
008 - FIXED-LENGTH DATA ELEMENTS--GENERAL INFORMATION
fixed length control field 250625s9999 xx 000 0 und d
020 ## - INTERNATIONAL STANDARD BOOK NUMBER
ISBN 9780470848470
082 ## - DEWEY DECIMAL CLASSIFICATION NUMBER
Classification number 910.285
Item number FIS
100 ## - MAIN ENTRY--AUTHOR NAME
Personal name Fisher, Peter
245 #0 - TITLE STATEMENT
Title Re-Presenting GIS
260 ## - PUBLICATION, DISTRIBUTION, ETC. (IMPRINT)
Name of publisher John Wiley & Sons
Year of publication 2005
300 ## - PHYSICAL DESCRIPTION
Number of Pages 312 pages
500 ## - GENERAL NOTE
General note This work brings together in one volume the concepts and concerns of both schools of thought and looks at GIS from a theoretical and practical perspective.
650 ## - SUBJECT ADDED ENTRY--TOPICAL TERM
Topical Term Science
942 ## - ADDED ENTRY ELEMENTS (KOHA)
Koha item type English Books
Holdings
Withdrawn status Lost status Damaged status Not for loan Home library Current library Shelving location Date acquired Full call number Accession Number Price effective from Koha item type
        Anna Centenary Library Anna Centenary Library 7TH FLOOR, B WING 25.06.2025 910.285 FIS 133817 25.06.2025 English Books

Find us on the map